Kritika buržoáznych a revizionistických ekonomických teórií v podmienkach VTR hlavná výskumná správa ŠPZV VIII-2-7

Salvato in:
Dettagli Bibliografici
Natura: Libro
Lingua:slovacco
Pubblicazione: Bratislava Vysoká škola ekonomická 1985
Tags: Aggiungi Tag
Nessun Tag, puoi essere il primo ad aggiungerne!!

MARC

LEADER 00000nam a2200000 4500
001 c032239
005 20260325122453.8
041 0 |a slo 
044 |a SK 
245 1 0 |a Kritika buržoáznych a revizionistických ekonomických teórií v podmienkach VTR  |b hlavná výskumná správa ŠPZV VIII-2-7 
264 1 |a Bratislava  |b Vysoká škola ekonomická  |c 1985 
300 |a 65 s.